Contratos modelo FIDIC : 10 temas para comprenderlos y aplicarlos : libros rojo, amarillo y plata 2017 /

Bibliographic Details
Main Author: Hernández García, Roberto (Author)
Format: Electronic eBook
Language:Spanish
Published: Las Rozas, Madrid : Aranzadi La Ley, [2025]
Edition:2a edición.
Subjects:
Online Access:Digitalia Hispánica

MARC

LEADER 00000nam a2200000 i 4500
001 DIGARALEY0020
003 NyNyDIG
007 cr |||||||||||
008 260301s2025 sp ob 000 0 spa d
006 m o d
035 |a (OCoLC)1576248980 
040 |a DGITA  |b eng  |e rda  |e pn  |c DGITA 
020 |a 9788490908129  |q versión electrónica 
020 |z 9788490908112  |q versión impresa 
050 1 4 |a K891.B8 ebook 
100 1 |a Hernández García, Roberto,  |e author. 
245 1 0 |a Contratos modelo FIDIC :  |b 10 temas para comprenderlos y aplicarlos : libros rojo, amarillo y plata 2017 /  |c Roberto Hernández-García. 
250 |a 2a edición. 
264 1 |a Las Rozas, Madrid :  |b Aranzadi La Ley,  |c [2025] 
300 |a 1 online resource :  |b illustrations. 
336 |a text  |b txt  |2 rdacontent 
337 |a computer  |b c  |2 rdamedia 
338 |a online resource  |b cr  |2 rdacarrier 
347 |a text file  |2 rdaft 
347 |b EPUB 
504 |a Includes bibliographical references. 
588 0 |a Online resource; title from ePub title page (Digitalia, viewed March 1, 2026) 
650 0 |a Construction contracts. 
650 0 |a Building laws. 
650 0 |a Construction industry  |x Law and legislation. 
650 0 |a Standardized terms of contract. 
791 2 |a Digitalia (Firm),  |e distributor. 
793 0 |g Digitalia eBook Collection:  |a Aranzadi La Ley 
776 0 8 |i Print version:  |a Hernández García, Roberto.  |t Contratos modelo FIDIC.  |b 2a edición.  |d Las Rozas, Madrid : Aranzadi La Ley, [2025]  |z 9788490908112 
856 4 0 |3 Digitalia Hispánica  |u https://www.digitaliapublishing.com/a/178966/ 
910 |a Premium collection: 2026